ბათუმის შოთა რუსთაველის სახელმწიფო უნივერსიტეტის ბიბლიოთეკა

პედიატრია.ტ.1 (ბიბ.ჩანაწერი № 43808)

000 -LEADER
fixed length control field 01010nam a2200277Ia 4500
001 - CONTROL NUMBER
control field 10553
003 - CONTROL NUMBER IDENTIFIER
control field GE_BSU
008 - FIXED-LENGTH DATA ELEMENTS--GENERAL INFORMATION
fixed length control field 181216s||||||||xx |||||||||||||| ||und||
020 ## - INTERNATIONAL STANDARD BOOK NUMBER
International Standard Book Number 9789941423116
040 ## - CATALOGING SOURCE
Transcribing agency GE_BSU
080 ## - UNIVERSAL DECIMAL CLASSIFICATION NUMBER
Universal Decimal Classification number 616-053.2
100 ## - MAIN ENTRY--PERSONAL NAME
Personal name მანჯავიძე,ნინო;მეგრელიშვილი,გიული
245 ## - TITLE STATEMENT
Title პედიატრია.ტ.1
245 ## - TITLE STATEMENT
Remainder of title სახ–ლო უმაღლ.სამედიც.სასწ.სტუდენტებისათვის
245 ## - TITLE STATEMENT
Statement of responsibility, etc. შემდგ.ქეთევან გოგბერაშვილი
250 ## - EDITION STATEMENT
Edition statement 1-ლი გამოც.
260 ## - PUBLICATION, DISTRIBUTION, ETC.
Place of publication, distribution, etc. თბილისი
260 ## - PUBLICATION, DISTRIBUTION, ETC.
Name of publisher, distributor, etc. [შპს თობალისი]
260 ## - PUBLICATION, DISTRIBUTION, ETC.
Date of publication, distribution, etc. 2010
300 ## - PHYSICAL DESCRIPTION
Extent 528გვ .ცხრ.ილ.23სმ.
300 ## - PHYSICAL DESCRIPTION
Dimensions დანართი გვ.475-527
300 ## - PHYSICAL DESCRIPTION
Accompanying material ბიბლიოგრ. გვ.473
653 ## - INDEX TERM--UNCONTROLLED
Uncontrolled term პედიატრია
942 ## - ADDED ENTRY ELEMENTS (KOHA)
Koha item type წიგნი
ეგზემპლარები
Withdrawn status Lost status Damaged status Not for loan Date acquired Barcode Date last seen Price effective from Koha item type
        2018-12-17 34485 2018-12-17 2018-12-17 წიგნი
        2018-12-17 34486 2018-12-17 2018-12-17 წიგნი
        2018-12-17 34487 2018-12-17 2018-12-17 წიგნი